Science and Philosophy in the Indian Buddhist Classics (Record no. 12842)

MARC details
000 -LEADER
fixed length control field 00388nam a22001457a 4500
003 - CONTROL NUMBER IDENTIFIER
control field OSt
008 - FIXED-LENGTH DATA ELEMENTS--GENERAL INFORMATION
fixed length control field 240828b |||||||| |||| 00| 0 eng d
020 ## - INTERNATIONAL STANDARD BOOK NUMBER
International Standard Book Number 9789386797209
082 ## - DEWEY DECIMAL CLASSIFICATION NUMBER
Classification number 294.382
Item number SCS
100 ## - MAIN ENTRY--PERSONAL NAME
Personal name JINPA, Thupten
245 ## - TITLE STATEMENT
Title Science and Philosophy in the Indian Buddhist Classics
260 ## - PUBLICATION, DISTRIBUTION, ETC. (IMPRINT)
Place of publication, distribution, etc New Delhi:
Name of publisher, distributor, etc Simon & Schuster
Date of publication, distribution, etc 2018.
300 ## - PHYSICAL DESCRIPTION
Extent xii,530p.
942 ## - ADDED ENTRY ELEMENTS (KOHA)
Source of classification or shelving scheme Dewey Decimal Classification
Koha item type Text Books
Holdings
Withdrawn status Lost status Source of classification or shelving scheme Damaged status Not for loan Collection code Home library Current library Date acquired Source of acquisition Currency Cost, normal purchase price Bill Number Total Checkouts Full call number Acc. no. / Barcode Checked out Date last seen Date last borrowed Actual Cost, discounted price Bill Date Koha item type
    Dewey Decimal Classification     IKS- Indian Knowledge System PIET C-LIBRARY PIET C-LIBRARY 28/08/2024 Zafaa Books and Distributors INR 799.00 ZBD0134 1 294.382 SCS 38386 18/08/2025 28/01/2025 28/01/2025 599.25 12/08/2024 Text Books

Design & Developed by: PIET Central Library
R70 Miles Stone Pattikalyana Samalkha Panipat 132102
mail ID :- [email protected], Phone No:- 0180-2569700 Ex.216